Statistics for Afghanistan True or False?

Click here to take the quiz!

General Stats

  • This quiz has been taken 21,091 times
    (20,911 since last reset)
  • The average score is 11 of 15

Answer Stats

QuestionAnswer% Correct
Afghanistan was once invaded by the Soviet UnionTrue
95%
The Taliban is now the ruling power in AfghanistanTrue
94%
At one time, Afghanistan was the world's largest opium poppy producerTrue
85%
Pashtuns are a major ethnic group in AfghanistanTrue
82%
A British Army once was nearly completely annihilated fleeing from AfghanistanTrue
81%
Kabul has an elevation of more than 1000 metersTrue
80%
Afghanistan is a major oil exporterFalse
79%
Osama bin Laden was the de facto leader of Afghanistan between 1996–2001False
77%
Obama won the Nobel Peace Prize for ending the U.S. war in AfghanistanFalse
77%
In Afghanistan, it is common for people to marry their first cousinTrue
76%
Afghanistan once had a kingTrue
74%
Afghanistan has large Christian and Hindu minoritiesFalse
68%
What is today Kandahar was once a Greek-speaking settlement known as "Alexandria of Arachosia"True
61%
Khaled Hosseini was one of Afghanistan's presidentsFalse
60%
The population of Afghanistan has declined since 1980 due to many wars and occupationsFalse
44%

Score Distribution

Percentile by Number Answered

Percent of People with Each Score

Your Score History

You have not taken this quiz since the last reset